Members of WJSN / Cosmic Girls (Kpop) - Statistics

General Stats
  • This quiz has been taken 715 times
  • The average score is 10 of 12
Answer Stats
Answer % Correct
Exy
93%
Bona
91%
Cheng Xiao
91%
Luda
89%
Seola
89%
Dayoung
88%
Soobin
87%
Dawon
85%
Yeoreum
85%
Mei Qi
84%
Eunseo
83%
Xuan Yi
78%
No matching quizzes found
Score Distribution
Percent of People with Each Score
Percentile by Number Answered
Your Score History
You have not taken this quiz